Ακριβή μου Σοφία : ιστορικό μυθιστόρημα

Αποθηκεύτηκε σε:
Λεπτομέρειες βιβλιογραφικής εγγραφής
Κύριος συγγραφέας: Γερμανός, Φρέντυ, 1934-1999
Μορφή: Βιβλίο
Γλώσσα:Greek
Δημοσίευση: Αθήνα : Εκδόσεις Καστανιώτη, 1999.
Έκδοση:48η έκδ.
Θέματα:
Ετικέτες: Προσθήκη ετικέτας
Δεν υπάρχουν, Καταχωρήστε ετικέτα πρώτοι!

MARC

LEADER 00000cam a2200000 i 4500
001 1/71041
008 000111s1999 gr | ||| |||| ||gre||
020 |a 9600324719 
035 |l 10076410 
040 |a GR-MyUA  |b gre  |e AACR2 
041 0 |a gre 
082 0 |a 889.3  |2 (21) 
100 1 |a Γερμανός, Φρέντυ,   |d 1934-1999. 
245 1 0 |a Ακριβή μου Σοφία :   |b ιστορικό μυθιστόρημα /   |c Φρέντυ Γερμανός.  
250 |a 48η έκδ.  
260 |a Αθήνα :   |b Εκδόσεις Καστανιώτη,   |c 1999.  
300 |a 197 σ. :   |b εικ. ;   |c 25 εκ.  
600 1 0 |a Παπανδρέου, Σοφία,   |d 1885;-1981. 
600 1 0 |a Παπανδρέου, Ανδρέας Γ.,   |d 1919-1996. 
650 0 0 |a Prime ministers  |z Greece  |x Correspondence. 
650 0 0 |a Love-letters. 
650 0 0 |a Historical fiction, Greek (Modern) 
651 0 |a Greece  |x Politics and government  |y 20th century. 
852 |a INST  |b CHIOS  |e 20000111  |h 889.6 ΓΕΡ  |p 005200019176  |q 005200019176  |t BK  |y 0 
852 |a INST  |b LESVOS  |e 20000111  |h 889.66 ΓΕΡ  |p 005100022194  |q 005100022194  |t BK  |y 0 
852 |a INST  |b SAMOS  |e 20050222  |h 889.3 ΓΕΡ  |p 005300025419  |q 005300025419  |t BK  |y 0 
901 |a BIBL3-2005-1 
901 |a BIBL1-2000-1 
901 |a BIBL2-2000-1 
909 |a Σ  |b 114271 
909 |a Λ  |b 071771 
909 |a Χ  |b 071773 
922 |a 3ΕΛΗ  |b 200502  |c ΚΥΒ/ΒΙΒΛΙΟΘΗΚΗ  |d ΠΑΠΑΦΕΩΡΓΙΟΥ 
922 |a 2ΕΛΗ  |b 199912  |c ΒΙΒΛΙΟΘΗΚΗ  |d ΠΑΠΑΣΩΤΗΡΙΟΥ 
922 |a 1ΕΛΗ  |b 199912  |c ΤΑΚ/ΚΥΒ  |d ΠΑΠΑΣΩΤΗΡΙΟΥ 
950 |a 127-2004-11-04 
950 |a 082-1999-11-29 
970 |a ΤΖΑΦΕΡΗ  |b ΕΥΑΓΓΕΛΙΑ  |z 2000/01/17